header

The difference between hedonic imputation indexes and time dummy hedonic indexes (Record no. 207019)

MARC details
000 -LEADER
fixed length control field 01277nam a2200313Ia 4500
100 1# - MAIN ENTRY--AUTHOR NAME
Personal name Silver, M. S.
245 14 - TITLE STATEMENT
Title The difference between hedonic imputation indexes and time dummy hedonic indexes
260 ## - PUBLICATION, DISTRIBUTION, ETC. (IMPRINT)
Place of publication [Washington, D.C.] :
Name of publisher International Monetary Fund, Statistics Dept.,
Year of publication 2006.
300 ## - PHYSICAL DESCRIPTION
Number of Pages 18 p. :
Other physical details graph.
490 1# - SERIES STATEMENT
Series statement IMF working paper ;
500 ## - GENERAL NOTE
General note "July 2006".
650 #0 - SUBJECT ADDED ENTRY--TOPICAL TERM
Topical Term Inflation (Finance)
Topical Term Price indexes.
700 1# - ADDED ENTRY--PERSONAL NAME
Personal name Heravi, Saeed.
856 40 - ELECTRONIC LOCATION AND ACCESS
Uniform Resource Identifier http://site.ebrary.com/lib/rucke/Doc?id=10380805

No items available.

© 2026 Rongo University
Contact us: librarian | system librarian | Rongo university